|
|
|
|
| LEADER |
00000nam0a2200000 4500 |
| 001 |
50535 |
| 005 |
20231031033204.0 |
| 035 |
|
|
|a (RuTPU)RU\TPU\book\52915
|
| 090 |
|
|
|a 50535
|
| 100 |
|
|
|a 20030417d1968 k y0rusy50 ca
|
| 101 |
0 |
|
|a rus
|
| 102 |
|
|
|a RU
|
| 105 |
|
|
|a a z 001zy
|
| 200 |
1 |
|
|a Реакторное материаловедение
|f Д. М. Скоров [и др.]
|
| 210 |
|
|
|a Москва
|c Атомиздат
|d 1968
|
| 215 |
|
|
|a 386 с.
|c ил.
|
| 320 |
|
|
|a Библиогр. в конце глав.
|
| 451 |
|
1 |
|0 (RuTPU)RU\TPU\book\53053
|t Реакторное материаловедение
|f Д. М. Скоров, Ю. Ф. Бычков, А. И. Дашковский
|g Под ред. Д. М. Скорова
|e 2-е изд., перераб. и доп.
|c Москва
|n Атомиздат
|d 1979
|p 344 с.
|a Скоров, Дмитрий Михайлович
|
| 610 |
1 |
|
|a ядерные реакторы
|
| 610 |
1 |
|
|a материалы
|
| 610 |
1 |
|
|a реакторное материаловедение
|
| 610 |
1 |
|
|a активная зона
|
| 610 |
1 |
|
|a физические основы
|
| 610 |
1 |
|
|a металлическое ядерное горючие
|
| 610 |
1 |
|
|a ядерное горючее
|
| 610 |
1 |
|
|a ТВЭЛы
|
| 610 |
1 |
|
|a совместимость
|
| 610 |
1 |
|
|a теплоносители
|
| 610 |
1 |
|
|a сердечники
|
| 610 |
1 |
|
|a оболочки
|
| 610 |
1 |
|
|a регулирование
|
| 610 |
1 |
|
|a технология
|
| 610 |
1 |
|
|a изготовление
|
| 610 |
1 |
|
|a тепловыделяющие элементы
|
| 610 |
1 |
|
|a контроль
|
| 610 |
1 |
|
|a качество
|
| 675 |
|
|
|a 621.039.53/.54
|v 3
|
| 701 |
|
1 |
|a Скоров
|b Д. М.
|g Дмитрий Михайлович
|
| 701 |
|
1 |
|a Бычков
|b Ю. Ф.
|
| 701 |
|
1 |
|a Дашковский
|b А. И.
|
| 701 |
|
1 |
|a Чепкунов
|b В. В.
|
| 702 |
|
1 |
|a Скоров
|b Д. М.
|g Дмитрий Михайлович
|4 340
|
| 801 |
|
1 |
|a RU
|b 63413507
|c 20030417
|g PSBO
|
| 801 |
|
2 |
|a RU
|b 63413507
|c 20211209
|g PSBO
|
| 942 |
|
|
|c BK
|